Wszyscy zwycięscy Primeira Liga(Liga portugalska) - Statystyki

Ogólne statystyki
  • Ten quiz został rozwiązany 333 razy
  • Średni wynik to 3 z 5
Statystyki odpowiedzi
Ilość Zwycięstw Drużyny % Poprawnych
29 FC Porto
99%
37 SL Benfica
97%
19 Sporting Lizbona
91%
1 Boavista FC
37%
1 Os Belenenses
16%
Nie znaleziono quizów pasujących do podanych kryteriów
Rozkład punktacji
Procent ludzi z każdym wynikiem
Percentyl według liczby udzielonych odpowiedzi
Twoja historia wyników
Nie rozwiązałeś tego quizu